| 000 | 00579nam a2200217 a 4500 | ||
|---|---|---|---|
| 005 | 20231025063714.0 | ||
| 008 | 030313s1996 mx r 000 0 spa d | ||
| 020 | _a8441401187 | ||
| 035 | _aUPN01000122933 | ||
| 049 | _aCG | ||
| 050 | 4 |
_aPN81 _bG6.3 |
|
| 100 | 1 | _aGómez Redondo, Fernando | |
| 245 | 1 | 3 |
_aLa crítica literaria del siglo XX / _cFernando Gómez Redondo. |
| 250 | _a2a ed. | ||
| 260 |
_aMadrid : _bEdaf, _c1996. |
||
| 300 | _a356 p. | ||
| 440 | 0 | _aAutoaprendizaje | |
| 650 | 4 |
_aLiteratura _xHistoria y crítica _95355 |
|
| 902 | _aGPR/mema | ||
| 905 | _aLibro | ||
| 999 |
_c95116 _d95116 |
||